000 00991nam a22003257a 4500
003 CHAP
005 20220329133750.0
008 971013s1982 r 00010 d
010 _a10561
011 _a11533
035 _a10772
040 _cCHAP
082 _a333.0945
_bW4Y
100 0 0 _aWeber, Max.
_9121297
245 _aHistoria agraria romana
260 _aMadrid :
_bAkal,
_c1982
300 _a206 p
490 _aHistoria antígua
_v; 19
590 _aBATCH-UPD
_b10
_c20130110
_lUCH01
_h0121
590 _aBATCH-UPD
_b10
_c20130110
_lUCH01
_h0951
590 _aCONVERSION
_b10
_c20130109
_lUCH01
_h1307
650 1 4 _aDerecho agrario
_xItalia.
_931875
650 1 4 _aTierras
_xTenencia
_xHistoria.
_9113171
650 1 4 _aTierras
_xTenencia
_xItalia.
_9113175
650 1 4 _aTierras
_xTenencia
_xLeyes.
_9113179
830 _aHistoria antígua
_v; 19
_955610
901 _aBK
942 _cLIBRO
949 _a333.0945 W4Y
_bBC
_cLIBRO
_d33724000323242
_eLIBRO
_gI.c/e
_h85300
_i10772
_si
_t66.00
999 _c10561
_d10561